Survivor Players Last Names (1-20) - Statistics

General Stats
  • This quiz has been taken 184 times
    123 since last reset
  • The average score is 156 of 351
Answer Stats
Season First Name Last Name % Correct
Colby Donaldson
91%
Richard Hatch
91%
Cirie Fields
89%
Rob Mariano
89%
Parvati Shallow
89%
Sandra Diaz-Twine
87%
Liz Kim
87%
Amanda Kimmel
84%
Jenna Lewis
84%
Coach Wade
84%
Tina Wesson
84%
Ethan Zohn
84%
Russell Hantz
82%
Jerri Manthey
82%
J.T. Thomas
82%
Jeff Varner
82%
Rob Cesternino
80%
Sue Hawk
80%
Stephenie LaGrossa
80%
Jenna Morasca
80%
Jonathan Penner
80%
Kim | Shane Powers
80%
Candace | Christy | Jessica | +2 others Smith
80%
Natalie White
80%
Rupert Boneham
78%
Darrah | Dave | Ghandia | Kim Johnson
78%
Yul Kwon
78%
Ozzy Lusth
78%
Eliza Orlins
78%
Tom Westman
78%
Tyson Apostol
76%
James Clement
76%
Danielle DiLorenzo
76%
Kimmi Kappenberg
76%
Natalie Bolton
73%
Terry Deitz
73%
Stephen Fishbach
73%
Michael Skupin
73%
Kelly Wiglesworth
73%
Courtney Yates
73%
Danni Boatwright
71%
Todd Herzog
71%
Sugar Kiper
71%
Earl Cole
69%
Crystal Cox
69%
Brian Heidik
69%
Bob Crowley
67%
Sean Rector
67%
Vecepia Towery
67%
Joel Anderson
64%
Amber Brkich
64%
Cao Boi Bui
64%
Yau-Man Chan
64%
Erik Reichenbach
64%
Dave Ball
62%
Clarence Black
62%
Rudy Boesch
62%
Tom Buchanan
62%
Greg Buis
62%
Ami Cusack
62%
Gervase Peterson
62%
Andrew Savage
62%
Bobby Jon Drinkard
60%
Becky | Mookie Lee
60%
GC | Nick Brown
58%
Alicia Calaway
58%
Chris Daugherty
58%
Kelly Goldsmith
58%
Shii Ann Huang
58%
Russell Swan
58%
Jon Dalton
56%
Corinne Kaplan
56%
Peih-Gee Law
56%
Candice Woodcock
56%
Julie Berry
53%
Laura Morett
53%
Randy Bailey
51%
Teresa Cooper
51%
Alexis | Jolanda | Sarah Jones
51%
Chicken | Lillian Morris
51%
Monica Padilla
51%
Kathy Vavrick O-Brien
51%
Kathy Vavrick-O'Brien
51%
Survivor: The Australian Outback Debb Eaton
49%
Colleen Haskell
49%
Survivor: Borneo Sonja Christopher
47%
Elisabeth Filarski
47%
Clay Jordan
47%
Aras Baskauskas
44%
Alex Bell
44%
Keith Famie
44%
Billy Garcia
44%
Jason Siska
44%
John Carroll
42%
Paschal English
42%
Adam | Jan Gentry
42%
Kel Gleason
42%
Gary Hogeboom
42%
Shambo Waters
42%
Michelle Yi
42%
B.B. Andersen
40%
Dirk Been
40%
Mike Borassi
40%
John Fincher
40%
Helen Glover
40%
Sean Kenniff
40%
Joel Klug
40%
Jenn Lyon
40%
Ryan Opray
40%
Burton Roberts
40%
Stacey Stillman
40%
Gabriel Cade
38%
Erik Cardona
38%
Hunter Ellis
38%
Ramona Gray
38%
Rafe Judkins
38%
Courtney Marit
38%
Amy O'Hara
38%
Ian Rosenberger
38%
Lex van den Berghe
38%
Jessie Camacho
36%
Neleh Dennis
36%
Survivor: Tocantins Carolina Eastwood
36%
Ken Hoang
36%
Mitchell Olson
36%
Sierra Reed
36%
Roger Sexton
36%
Twila Tanner
36%
Jacquie Berg
33%
Rodger Bingham
33%
Scout Cloud Lee
33%
Erin Collins
33%
Joe Dowdle
33%
Katie Gallagher
33%
Dreamz Herd
33%
Erinn Lobdell
33%
Survivor: Africa Diane Ogden
33%
Anthony | Jaison Robinson
33%
Ryan Shoulders
33%
Matthew von Ertfelda
33%
Ben Browning
31%
Gretchen Cordy
31%
Survivor: Fiji Jessica deBen
31%
Silas Gaither
31%
Nate Gonzalez
31%
Maralyn Hershey
31%
Denise Martin
31%
Survivor: Thailand John Raymond
31%
Osten Taylor
31%
Jeff Wilson
31%
Survivor: The Amazon Ryan Aiken
29%
Coby Archa
29%
Boo Bernis
29%
Frank Garrison
29%
Ace Gordon
29%
Tracy Hughes-Wolf
29%
Dan Kay
29%
Lisi Linares
29%
Daniel Lue
29%
Kathy Sleckman
29%
Chet Welch
29%
Matty Whitmore
29%
Survivor: Cook Islands Sekou Bunch
27%
Gina Crews
27%
Taj Johnson-George
27%
Bruce Kanegai
27%
Survivor: Palau Jonathan Libby
27%
Sundra Oakley
27%
Brandon Quinton
27%
Survivor: Panama Tina Scheer
27%
Wanda Shirk
27%
Jerry Sims
27%
Heidi Strobel
27%
Ashlee Ashby
24%
Deena Bennett
24%
Brian Corridan
24%
Survivor: Pearl Islands Nicole Delma
24%
Stephanie Dill
24%
Spencer Duhm
24%
Rory Freeman
24%
Misty | Yasmin Giles
24%
Survivor: Marquesas Peter Harkey
24%
Tammy Leitner
24%
Butch Lockley
24%
Survivor: Guatemala Jim Lynch
24%
Lea Masters
24%
James Miller
24%
Mary Sartain
24%
Judd Sergeant
24%
Mick Trimming
24%
Tanya Vance
24%
Zoe Zanidakis
24%
Robb Zbacnik
24%
Frosti Zernow
24%
Alex Angarita
22%
Dan Barry
22%
Debbie Beebe
22%
Jean-Robert Bellande
22%
Jake Billingsley
22%
Erik Huffman
22%
John Kenney
22%
Stacy Kimball
22%
Michelle Tesauro
22%
Tijuana Bradley
20%
Dave Cruser
20%
Robert DeCanio
20%
Stephannie Favor
20%
Cassandra Franklin
20%
Christa Hastie
20%
Patricia Jackson
20%
Sylvia Kwan
20%
Marcus Lehman
20%
Bobby Mason
20%
Morgan McDevitt
20%
Lydia Morales
20%
Rocky Reid
20%
Linda Spencer
20%
Ken Stafford
20%
Jaime Dugan
18%
Brady Finta
18%
Cindy Hall
18%
Jamie Newton
18%
John Palyok
18%
Lindsey Richter
18%
Ted Rogers, Jr.
18%
Sally Schumann
18%
Brendan Synnott
18%
Janu Tornell
18%
Carl Bilancione
16%
Survivor: Gabon Michelle Chase
16%
Brett Clouser
16%
Liliana Gomez
16%
Ashley Massaro
16%
Kim Mullen
16%
Leann Slaby
16%
Brad Virata
16%
JoAnna Ward
16%
Sydney Wheeler
16%
Betsy Bolan
13%
Sandy Burgin
13%
J.P. Calderon
13%
Gregg Carey
13%
Austin Carty
13%
Shawn Cohen
13%
Cristina Coria
13%
Survivor: Vanuatu Brook Geraghty
13%
Jenny Guzon-Bae
13%
Jed Hildebrand
13%
Lisa Keiffer
13%
Gillian Larson
13%
Sherea Lloyd
13%
Shawna Mitchell
13%
Aaron Reisberger
13%
Kelly Sharbaugh
13%
Nick Stanbury
13%
Brandon Bellinger
11%
Rebecca Borman
11%
Chad Crittenden
11%
Kelly Czarnecki
11%
Trish Dunn
11%
Caryn Groedel
11%
Charlie Herschel
11%
Leslie Nease
11%
Penny Ramsey
11%
Edgardo Rivera
11%
Travis Sampson
11%
Gary Stritesky
11%
Brooke Struck
11%
Rita Verreos
11%
Margaret Bobonich
9%
Mia Galeotalanza
9%
Jeanne Hebert
9%
Angie Jakusz
9%
Cecilia Mansilla
9%
Dolly Neely
9%
Ibrehem Rahman
9%
Survivor: Samoa Marisa Calihan
7%
Erica Durousseau
7%
Melinda Hyder
7%
Janet Koth
7%
Ruth Marie Milliman
7%
Paloma Soto-Castillo
7%
Blake Towsley
7%
Ashley Trainer
7%
Brianna Varela
4%
Mikey Bortone
2%
No matching quizzes found
Score Distribution
Percent of People with Each Score
Percentile by Number Answered
Your Score History
You have not taken this quiz since the last reset